Soil biology guide.

Guardat en:
Dades bibliogràfiques
Altres autors: Dindal, Daniel L. (Editor)
Format: Llibre
Idioma:anglès
Publicat: New York, USA : Wiley, 1990.
Matèries:
Etiquetes: Afegir etiqueta
Sense etiquetes, Sigues el primer a etiquetar aquest registre!

MARC

LEADER 00000pam a2200000 a 4500
001 3383817
003 CL-VaPUC
005 20220616110407.0
008 881024s1990 nyua b 001 0 eng
999 |c 436060  |d 436058 
010 |a  88028016  
020 |a 0471045519 
040 |a DLC  |c Pontificia Universidad Católica de Valparaíso  |d DLC 
082 0 0 |a 574.90948 DIN 1990  |2 19 
100 1 |a Dindal, Daniel L.  |e editor  |9 870808 
245 0 0 |a Soil biology guide. 
260 |a New York, USA :  |b Wiley,  |c 1990. 
300 |a xviii, 1349 páginas.  
583 |c 20220616  |k Cristina María Rojas Aguilar 
650 0 |a Biología del suelo  |9 269645 
942 |2 ddc  |c BK 
952 |0 0  |1 0  |2 ddc  |4 0  |6 574_909480000000000_DIN_1990  |7 0  |8 A  |9 583789  |a BIBCUR  |b BIBCUR  |c GEN  |d 2022-06-16  |i 2674343  |l 3  |o 574.90948 DIN 1990  |p 2674343  |r 2025-04-22  |s 2025-03-14  |t 1  |w 2022-06-16  |y BK  |k BIO